Repetitive generation of X-band superradiation at 3-GW peak power; IEEE International Conference on Plasma Science (ICOPS)
| Parent link: | IEEE International Conference on Plasma Science (ICOPS).— 2007.— [P. 525] |
|---|---|
| Další autoři: | , , , , , , , , , , , , , , |
| Shrnutí: | Title screen Two versions of modernized experimental setup (i.e., nonstationary relativistic X-band BWO) were used for the generation of subnanoseeond-width, gigawatt-range pulses of microwave superradiation (SR). Режим доступа: по договору с организацией-держателем ресурса |
| Jazyk: | angličtina |
| Vydáno: |
2007
|
| Témata: | |
| On-line přístup: | https://doi.org/10.1109/PPPS.2007.4345831 |
| Médium: | MixedMaterials Elektronický zdroj Kapitola |
| KOHA link: | https://koha.lib.tpu.ru/cgi-bin/koha/opac-detail.pl?biblionumber=654269 |
MARC
| LEADER | 00000naa0a2200000 4500 | ||
|---|---|---|---|
| 001 | 654269 | ||
| 005 | 20250910163349.0 | ||
| 035 | |a (RuTPU)RU\TPU\network\19841 | ||
| 090 | |a 654269 | ||
| 100 | |a 20170420d2007 k||y0rusy50 ba | ||
| 101 | 0 | |a eng | |
| 102 | |a US | ||
| 135 | |a drcn ---uucaa | ||
| 181 | 0 | |a i | |
| 182 | 0 | |a b | |
| 200 | 1 | |a Repetitive generation of X-band superradiation at 3-GW peak power |f M. I. Yalandin [et al.] | |
| 203 | |a Text |c electronic | ||
| 300 | |a Title screen | ||
| 330 | |a Two versions of modernized experimental setup (i.e., nonstationary relativistic X-band BWO) were used for the generation of subnanoseeond-width, gigawatt-range pulses of microwave superradiation (SR). | ||
| 333 | |a Режим доступа: по договору с организацией-держателем ресурса | ||
| 463 | 1 | |t IEEE International Conference on Plasma Science (ICOPS) |o abstracts 34st IEEE International Conference, June 17-22, 2007 Albuquerque, New Mexico USA |v [P. 525] |d 2007 | |
| 610 | 1 | |a труды учёных ТПУ | |
| 610 | 1 | |a электронный ресурс | |
| 701 | 1 | |a Yalandin |b M. I. |g Michael Ivanovich | |
| 701 | 1 | |a Luybutin |b S. K. | |
| 701 | 1 | |a Rukin |b S. N. |g Sergey Nikolaevich | |
| 701 | 1 | |a Sharypov |b K. A. |g Konstantin Anatolyevich | |
| 701 | 1 | |a Shpak |b V. G. |g Valery Grigoryevich | |
| 701 | 1 | |a Shunailov |b S. A. |g Sergei Afanasievich | |
| 701 | 1 | |a Slovikovsky |b B. G. | |
| 701 | 1 | |a Timoshenkov |b S. P. | |
| 701 | 1 | |a Ulmasculov |b M. R. |g Marat Rakhmetovich | |
| 701 | 1 | |a Rostov |b V. V. |g Vladislav Vladimirovich | |
| 701 | 1 | |a Grishin |b D. M. | |
| 701 | 1 | |a Gubanov |b V. P. |g Vladimir Petrovich | |
| 701 | 1 | |a El'chaninov |b A. A. |g Anton Aleksandrovich | |
| 701 | 1 | |a Klimov |b A. I. |c specialist in the field of electronics |c Associate Professor of Tomsk Polytechnic University, Candidate of physical and mathematical sciences |f 1955- |g Aleksey Ivanovich |3 (RuTPU)RU\TPU\pers\32265 | |
| 701 | 1 | |a Mesyats |b G. A. |c russian physicist |c academican, vice-president of RAS |c graduate of Tomsk Polytechnic Institute |f 1936- |g Gennady Andreyevich |3 (RuTPU)RU\TPU\pers\28088 |4 070 | |
| 801 | 2 | |a RU |b 63413507 |c 20170420 |g RCR | |
| 856 | 4 | 0 | |u https://doi.org/10.1109/PPPS.2007.4345831 |
| 942 | |c CF | ||